Training instruments in HRD and OD 4e / (Record no. 158299)

MARC details
000 -LEADER
fixed length control field 00730nam a22002057a 4500
005 - DATE AND TIME OF LATEST TRANSACTION
control field 20181024163441.0
010 ## - LCCN (DPL NO)
LC control number ENG-124361
020 ## - INTERNATIONAL STANDARD BOOK NUMBER
Terms of availability 1595.00
International Standard Book Number 9789352806904
035 ## - SYSTEM CONTROL NUMBER
System control number EN-107893
037 ## - SOURCE OF ACQUISITION
Source of stock number/acquisition DBAD/PUB.
082 ## - DEWEY DECIMAL CLASSIFICATION NUMBER
Classification number 658.31240954
100 ## - MAIN ENTRY--PERSONAL NAME
Personal name Pareek, Udai
245 ## - TITLE STATEMENT
Title Training instruments in HRD and OD 4e /
Statement of responsibility, etc by Udai Pareek; forwarded by T.V. Rao
260 ## - PUBLICATION, DISTRIBUTION, ETC. (IMPRINT)
Place of publication, distribution, etc New Delhi
Name of publisher, distributor, etc Sage Publications India Pvt. Ltd.
Date of publication, distribution, etc 2018
270 ## - ADDRESS
Address B1/I-1, Mohan Cooperative Industrial Area Mathura Road Post Bag 7
City New Delhi
Postal code 110044
300 ## - PHYSICAL DESCRIPTION
Extent xv,614p.
Dimensions 26cm(pbk)
Other physical details ill.
500 ## - GENERAL NOTE
General note It includes bibliography, index and about the authors
700 ## - ADDED ENTRY--PERSONAL NAME
Personal name Rao, T.V.
942 ## - ADDED ENTRY ELEMENTS (KOHA)
Source of classification or shelving scheme Dewey Decimal Classification
Item type English Books
Call number suffix PAR
Classification part 658.31240954
Holdings
Withdrawn status Lost status Not for loan Collection code Home library Current library Date acquired Source of acquisition Cost, normal purchase price Full call number Barcode Copy number Cost, replacement price Koha item type
    Not For Loan Non-fiction D.B.Act.Division Bawana 25/10/2018 DBAD/PUB 1595.00 658.31240954 PAR EN-107893 1 1595.00 English Books

© Delhi Public Library
Hit Counter
free hit counter